000 00885nas a2200289 4500
001 BR7602131
003 BR-BrBNA
005 20231205082954.0
007 ta
008 230509b bl.|||p| |||| 00| 00por d
040 _aBR-BrBNA
_bpor
_cBiblioteca Nacional de Agricultura
041 _a(Pt)
072 _aE70
110 1 _aFundacao Joao Pinheiro, Belo Horizonte, MG (Brasil)
_94974
245 1 _aPecuaria lidera alta de precos em agosto [Algodao; Cana de acucar; Feijao; Soja; Arroz; Minas Gerais; Brasil]
650 _aComercializacao
650 _aPreco
650 _aAlgodao
650 _aCana de acucar
650 _aFeijao
650 _aSoja
650 _aArroz
650 _aMinas Gerais
773 0 _tFundacao J.P. - Analise e Conjuntura (Brazil)
_x
_g(Nov 1976), v. 6(11) p. 43-46
_wBR7602131
909 _a202311
_bLúcia
_c55
_dLúcia Elande
942 _2AGRIS
_n0
_cANA
999 _c95470
_d95470